Miasta na literę S w województwie pomorskim #3 - Statystyki

Ogólne statystyki
  • Ten quiz został rozwiązany 45 razy
  • Średni wynik to 4 z 6
Statystyki odpowiedzi
LM Nazwa % Poprawnych
89 180 Słupsk
91%
35 049 Sopot
89%
47 037 Starogard Gdański
83%
7 103 Skarszewy
46%
3 609 Skórcz
43%
9 746 Szturm
14%
Nie znaleziono quizów pasujących do podanych kryteriów
Rozkład punktacji
Procent ludzi z każdym wynikiem
Percentyl według liczby udzielonych odpowiedzi
Twoja historia wyników
Nie rozwiązałeś tego quizu